000 00638nam a22002057a 4500
003 OSt
005 20140310182951.0
008 130206t xxu||||| |||| 00| 0 eng d
020 _a9789715426367
050 _aDS675
_b.B598 2009
082 _aF959.902
_bB638 2009
245 _aFrontier constitutions :
_bChristianity and colonial empire in the nineteenth-century Philippines /
_cBlanco, John D.
260 _aQuezon City :
_bUniversity of Philippines Press,
_cc2009
300 _axviii, 372 p. : ill.
_c24 cm.
521 _acollege students
526 _c1210L-1700L
541 _j1
562 _e1
942 _2lcc
_cBK
_kFIL
999 _c17910
_d17910